Score 0/11 Timer 01:30
0 Plays Today
% Correct
Halo 4
79.4%
Call of Duty: Advanced Warfare
78%
Batman: Arkham Origins
73.9%
Pokémon X and Y
65.5%
Bioshock Infinite
65.4%
The Last of Us
65.1%
Overwatch
65.1%
Mass Effect 3
64.9%
Borderlands 2
61.8%
Rocket League
60.3%
Minecraft
46.5%

Today's Daily Dose

Missing Word
3 Word TV Shows

Word Ladder
Olsen Twins

Quick Pick
TLC Shows

You're not logged in!

Compare scores with friends on all Sporcle quizzes.
OR
Log In

Sporcle TV

Today on Sporcle TV


Watch our educational content, quiz creation guides, and fun videos on Sporcle TV.

Show Comments

Extras

Top Quizzes Today


Score Distribution

Paid Content

Your Account Isn't Verified!

In order to create a playlist on Sporcle, you need to verify the email address you used during registration. Go to your Sporcle Settings to finish the process.

Report this User

Report this user for behavior that violates our Community Guidelines.

Details: